Statistics for Everglades National Park Quiz

Click here to take the quiz!

General Stats

  • This quiz has been taken 22 times
  • The average score is 11 of 15

Answer Stats

HintAnswer% Correct
State it's part ofFlorida
100%
Invasive 'Reptile of Concern'Burmese {Python}
94%
The Everglades is the third largest park in the contiguous United States. Name either of the larges ones.Death Valley, Yellowstone
94%
Highly endangered big cat, and also the Florida state animalFlorida {Panther}
94%
Southernmost visitor center, named for a pink wading birdFlamingo
88%
Aquatic mammal, sometimes referred to as 'sea cows'Manatee
88%
Only five National Parks are further south than the Everglades. Name any one of them.American Samoa, Dry Tortugas, Haleakala, Hawaii Volcanoes, US Virgin Islands
75%
Counties the park touches (name any)Miami-Dade, Monroe, Collier
75%
Large freshwater lake whose outflow feeds the parkLake Okeechobee
63%
The Everglades is home to North America's largest forest of what coastal tree?Mangrove
63%
Nickname for the park coined by Marjory Stoneman DouglasRiver of {Grass}
56%
Term for red algae blooms that threaten Everglades marine wildlifeRed {Tide}
50%
Major native tribe that was forcibly relocated to Oklahoma in 1842Seminole
50%
President who declared Big Cypress Swamp a National PreserveRichard Nixon
44%
What major piece of infrastructure was set to be constructed in Big Cypress Swamp before environmentalists defeated the proposal?An airport
31%

Score Distribution

Percentile by Number Answered

Percent of People with Each Score

Your Score History

You have not taken this quiz